000 00282 a2200145 4500
001 159579
020 _a
040 _cMagnum
100 _aMcauley, Karen
240 1 0 _aGolda meir
_lpor
245 1 0 _aGolda meir
362 0 _a1899
697 _aMAGNITO: BIOGRAFIA
942 _cBK
999 _c159579
_d159579